000 00553cam a2200193 4500
001 J897
008 090401t1956 xxu||||| |||| 00| 0 eng d
035 _a(Sirsi) u26815
041 _aeng
050 _a333.330993
100 _aThomson, W.J.A.
245 4 _aThe story of the Real Estate Institute of New Zealand (inc.) 1915-1946.
260 _aAuckland
_bReal Estate Institute of New Zealand
_c1956
300 _a90p. : ill. ; 21cm.
350 _a0
710 _aReal Estate Institute of New Zealand inc
_9404
942 _n0
948 _c04/03/1997
999 _c88988
_d88988